| 000 | 01338nam2a22002291 4500 | ||
|---|---|---|---|
| 001 | rc\883454 | ||
| 005 | 20250622103105.0 | ||
| 035 | _a(NLR Aleph) 006240897 | ||
| 090 |
_a6665204 _c6665204 |
||
| 100 | _a20041129d1984 |||y0rusy50 ca | ||
| 101 | 0 | _arus | |
| 102 | _aRU | ||
| 105 | _ay ||||||||| | ||
| 200 | 1 | _aДошкольное, школьное и профессионально-техническое образование. Природоохранное просвещение и пропаганда | |
| 210 |
_d1984 _aБ. м. |
||
| 215 | _a144 с. | ||
| 461 | 0 |
_1001rc\883452 _12001#$aТезисы докладов Всесоюзной научной конференции "Образование по вопросам окружающей среды" (Иваново, 18-20 сент. 1984 г.)$vКн. 2 _96665188 _aВсесоюзная конф. по образованию в обл. окружающей среды (1984 ; Иваново) _cИваново _d1984 _nИван. гос. ун-т _tТезисы докладов Всесоюзной научной конференции "Образование по вопросам окружающей среды" (Иваново, 18-20 сент. 1984 г.) _vКн. 2 |
|
| 801 | 0 |
_aRU _bNLR _gpsbo |
|
| 801 | 1 |
_aRU _bELAR _2rusmarc |
|
| 852 |
_aNLR _j85-3/123 |
||
| 942 | _cBOOK | ||
| 980 | _aNB | ||